| 000 | 00666nam a22002297a 4500 | ||
|---|---|---|---|
| 003 | OSt | ||
| 005 | 20140310181742.0 | ||
| 008 | 130323t xxu||||| |||| 00| 0 eng d | ||
| 020 | _a0415088631 | ||
| 050 |
_aLB 1776.4.G7 _b.C36 1994 |
||
| 082 |
_aTR 372.11 _bCa15 1994 |
||
| 100 |
_aCanpbell, R. J. _9401 |
||
| 245 |
_aPrimary teachers at work/ _cR, J. Canphell and S. R. St. J. Neill. |
||
| 260 |
_aLondon ; New York : _bRoutledge, _cc1994. |
||
| 300 |
_a252 p. : _bill. ; _c22 cm. |
||
| 521 | _aFaculty | ||
| 541 | _j1 | ||
| 562 | _e1 | ||
| 650 |
_aElementary school teachers _xGreat Britain _9402 |
||
| 650 |
_aTitle. _9403 |
||
| 942 |
_2lcc _cBK-TR _kTR |
||
| 999 |
_c2804 _d2804 |
||